Like mist through valleys : (Record no. 146207)

MARC details
000 -LEADER
fixed length control field 00868nam a22002177a 4500
005 - DATE AND TIME OF LATEST TRANSACTION
control field 20180703145611.0
010 ## - LCCN (DPL NO)
LC control number 1718EN-30 ENG-121824 B-688284-293
020 ## - INTERNATIONAL STANDARD BOOK NUMBER
Terms of availability 85.00
International Standard Book Number 9788126049967
035 ## - SYSTEM CONTROL NUMBER
System control number EN-105356
035 ## - SYSTEM CONTROL NUMBER
System control number B-688284-293
037 ## - SOURCE OF ACQUISITION
Source of stock number/acquisition Sahitya Akadmi
Stock number dpl
037 ## - SOURCE OF ACQUISITION
Source of stock number/acquisition DBAD/PUB
082 ## - DEWEY DECIMAL CLASSIFICATION NUMBER
Classification number 881
245 ## - TITLE STATEMENT
Title Like mist through valleys :
Statement of responsibility, etc translated by Shiva Prakash
Remainder of title Mabbina haage kaniveyaasi /
260 ## - PUBLICATION, DISTRIBUTION, ETC. (IMPRINT)
Place of publication, distribution, etc New Delhi
Name of publisher, distributor, etc Sahitya Academi
Date of publication, distribution, etc 2016
270 ## - ADDRESS
City New Delhi
Address Rabindra Bhawan, 35, Fiiroz Shah Marg
Postal code 110001
300 ## - PHYSICAL DESCRIPTION
Extent 48p.
Dimensions 21cm(pbk)
700 ## - ADDED ENTRY--PERSONAL NAME
Personal name Prakash, Shiva
942 ## - ADDED ENTRY ELEMENTS (KOHA)
Source of classification or shelving scheme Dewey Decimal Classification
Item type English Books
Call number suffix LIK
Classification part 881
Holdings
Withdrawn status Lost status Not for loan Collection code Home library Current library Date acquired Source of acquisition Cost, normal purchase price Full call number Barcode Copy number Cost, replacement price Koha item type
      Non-fiction Ashok Vihar Ashok Vihar 03/07/2018 Noth India NIP/287/17-18/28.11.2017/665/20.11.2017/13.01.2018 85.00 881 LIK B-688288 1 85.00 English Books
    Not For Loan Non-fiction D.B.Act.Division Bawana 09/12/2017 DBAD/PUB 85.00 881 LIK EN-105356 1 85.00 English Books
      Non-fiction Bawana Bawana 03/07/2018 Noth India NIP/287/17-18/28.11.2017/665/20.11.2017/13.01.2018 85.00 881 LIK B-688293 1 85.00 English Books
      Non-fiction Central Library Central Library 03/07/2018 Noth India NIP/287/17-18/28.11.2017/665/20.11.2017/13.01.2018 85.00 881 LIK B-688284 1 85.00 English Books
      Non-fiction Janak Puri Janak Puri 03/07/2018 Noth India NIP/287/17-18/28.11.2017/665/20.11.2017/13.01.2018 85.00 881 LIK B-688291 1 85.00 English Books
      Non-fiction Kasturba Gandhi Marg Kasturba Gandhi Marg 03/07/2018 Noth India NIP/287/17-18/28.11.2017/665/20.11.2017/13.01.2018 85.00 881 LIK B-688290 1 85.00 English Books
      Non-fiction Mobile Library Mobile Library 03/07/2018 Noth India NIP/287/17-18/28.11.2017/665/20.11.2017/13.01.2018 85.00 881 LIK B-688285 2 85.00 English Books
      Non-fiction Mobile Library Mobile Library 03/07/2018 Noth India NIP/287/17-18/28.11.2017/665/20.11.2017/13.01.2018 85.00 881 LIK B-688286 2 85.00 English Books
      Non-fiction Narela Narela 03/07/2018 Noth India NIP/287/17-18/28.11.2017/665/20.11.2017/13.01.2018 85.00 881 LIK B-688292 1 85.00 English Books
      Non-fiction New Police Line New Police Line 03/07/2018 Noth India NIP/287/17-18/28.11.2017/665/20.11.2017/13.01.2018 85.00 881 LIK B-688287 1 85.00 English Books
      Non-fiction Patel Nagar Patel Nagar 03/07/2018 Noth India NIP/287/17-18/28.11.2017/665/20.11.2017/13.01.2018 85.00 881 LIK B-688289 1 85.00 English Books

© Delhi Public Library
Hit Counter
free hit counter